El embrujado : (Record no. 150066)

MARC details
000 -LEADER
campo de control de longitud fija 00930nam a2200265 i 4500
001 - NÚMERO DE CONTROL
campo de control 150066
003 - IDENTIFICADOR DE NÚMERO DE CONTROL
campo de control ES-MaACL
005 - FECHA Y HORA DE LA ÚLTIMA TRANSACCIÓN
campo de control 20260202131119.0
007 - CAMPO FIJO DE DESCRIPCIÓN FÍSICA--INFORMACIÓN GENERAL
campo de control de longitud fija t|
008 - DATOS DE LONGITUD FIJA--INFORMACIÓN GENERAL
campo de control de longitud fija 071026s1913 sp ||||1| spa d
080 ## - NÚMERO DE LA CLASIFICACIÓN DECIMAL UNIVERSAL
Número de la Clasificación Decimal Universal 821.134.2-23"19"
100 1# - ENTRADA PRINCIPAL--NOMBRE DE PERSONA
Nombre de persona Valle-Inclán, Ramón del,
Fechas asociadas al nombre 1866-1936
Término indicativo de función/relación Autor
9 (RLIN) 112796
245 13 - MENCIÓN DEL TÍTULO
Título El embrujado :
Resto del título tragedia de tierras de Salnes /
Mención de responsabilidad, etc. la escribió Ramón del Valle-Inclán.
260 ## - PUBLICACIÓN, DISTRIBUCIÓN, ETC.
Lugar de publicación, distribución, etc. Madrid :
Nombre del editor, distribuidor, etc. Perlado, Páez y Compañía,
Fecha de publicación, distribución, etc. 1913
300 ## - DESCRIPCIÓN FÍSICA
Extensión 146 p. :
Otras características físicas il. ;
Dimensiones 18 cm.
490 1# - MENCIÓN DE SERIE
Mención de serie Opera omnia ;
Designación de volumen o secuencia 4
530 ## - NOTA DISPONIBLE DE FORMULARIO FÍSICO ADICIONAL
Nota de formato físico adicional disponible Disponible en formato digital
655 #0 - TERMINO DE INDIZACIÓN--GENERO/FORMA
Datos o término principal de género/forma Teatro
9 (RLIN) 234794
830 0# - PUNTO DE ACCESO ADICIONAL DE SERIE-TÍTULO UNIFORME
Título uniforme Opera omnia ;
Designación de volumen o secuencia 4
9 (RLIN) 187581
852 ## - LOCALIZACIÓN
Ubicación ES-MaACL
Ubicación en estantería Sala Pardo Bazán
Número de control de estantería B-3716
856 4# - LOCALIZACIÓN Y ACCESO ELECTRÓNICOS
Identificador Uniforme de Recursos <a href="https://bdh-rd.bne.es/viewer.vm?id=0000236291&page=1">https://bdh-rd.bne.es/viewer.vm?id=0000236291&page=1</a>
Texto de enlace Versión en línea
Nota pública Biblioteca Digital Hispánica
942 ## - ELEMENTOS DE ENTRADA SECUNDARIOS (KOHA)
Fuente del sistema de clasificación o colocación Clasificación decimal universal
Tipo de ítem Koha Libro impreso
Suprimir en OPAC No
Holdings
Estatus retirado Estado de pérdida Fuente del sistema de clasificación o colocación Estado de daño No para préstamo Colección Biblioteca de origen Biblioteca actual Ubicación en estantería Fecha de adquisición Total de préstamos Signatura topográfica completa Código de barras Visto por última vez Tipo de ítem Koha
    Clasificación decimal universal     Colección digital Biblioteca del Ateneo de Madrid Biblioteca del Ateneo de Madrid Sala Pardo Bazán 17/01/2008   B-3716 1156594 23/02/2023 Libro impreso